【プロ野球】 2025年 埼玉西武ライオンズ 応援歌 - Statistics

General Stats
  • This quiz has been taken 41 times
  • The average score is 17 of 23
Answer Stats
応援歌 選手名 % Correct
勝利に向かって 進め今こそ生み出せチャンスを いざ〇〇 栗山巧
100%
この場所で輝け魅せろ 〇〇 泥にまみれて 培った 今ここで魅せろ 〇〇の力 源田壮亮
100%
駆け上がれ 夢の舞台へ無我夢中に 走れ早く みてみたいな 夢中になれる君 いくぞ前進 その先へと ラーラーララーラーラ 〇〇〇〇 ラーラーララーラーラ 〇〇〇〇 ラーラーララーラーラ 〇〇〇〇 外崎修汰
97%
〇〇〇〇 Let's Goオーオーオオーオオーオー ラーラーララーララーラー Come on Homerun ネビン
90%
爽やかに⾵切る ⻘炎を⼒に変える終わりのない冒険へ挑め (吠えろ!) 〇〇 長谷川信哉
90%
オイ!オイオイオイ!オイ!〇〇!〇〇!〇〇! 打ち続け ジャングルを追いつめろ 獅子の誇りと 力で挑め 炭谷銀仁朗
86%
遠い異国の地で その名を轟かす熱き血潮解き放ち 世界驚かせろ Golpe(ゴルぺ)!Fuerte(フェルテ)! オーーーーー レオ!レオ!レオ! セデーニョ
86%
〇〇 今だ決めろ 狙いを定め振り抜いたその先には 勝利のアーチ 西川愛也
86%
その胸を焦がす 炎のままに気迫で打ち抜くんだ バックスクリーン 中村剛也
86%
〇〇掻き回せ 掴んだチャンス物にしろ越後の星よ 煌めけ いつまでも 滝澤夏央
86%
狙い澄ました技で 全てを懸けて描いた道を拓け 〇〇獅子となれ 蛭間拓哉
83%
頂への道を その手で掴め強肩強打の勇姿で 導いてくれ 古賀悠斗
79%
飛ばせ彼方へ 駆けろ夢のその先へまことの道を 拓き進め〇〇〇〇 岸潤一郎
79%
運命(さだめ)の一撃 歓喜の一打 さあ立ち上がれ今 スタンド舞い上がる 弾丸で切り裂く 歓喜の一打 渡部聖弥
72%
光り輝くセンス 我らを惹きつける明日へ向かって走れ 翔けろ〇〇 平沼翔太
69%
栄光へ続く 架け橋を繋げ敵を切り裂くスイング さあ叩き込め 山村崇嘉
69%
豪打解き放つ その姿猛し歓喜の虹架けろ 我らの⼤砲 渡部健人
66%
鍛えた努力を胸に 闘志を燃やして打ちまくれ守り抜け 獅子の男 〇〇〇〇 柘植世那
62%
勝利を呼ぶその背中で 魅せろ獅子の意地を〇〇〇〇 いざ解き放て 野村大樹
62%
感情を昂らせ 見せろフルスイング決め球砕いて 虹を描く 外国人選手汎用テーマ
52%
気持ちと技で 真っ向勝負敵を倒し我らを 勝利へ導け 投手汎用
48%
夢を見た この世界で勝利の雄叫び上げろ 若獅子の力を 見せてくれ 野手汎用テーマA
38%
流した汗はすべて 努力の結晶だがむしゃらに掴めチャンス いけ! 〇〇! 野手汎用テーマB
38%
No matching quizzes found
Score Distribution
Percent of People with Each Score
Percentile by Number Answered
Your Score History
You have not taken this quiz